Assembling, being, embodying early modern emblem and device as /
Elmentve itt :
| Szerző: | |
|---|---|
| Dokumentumtípus: | Könyv része |
| Megjelent: |
Szeged University Press
Szeged
2025
|
| Sorozat: | Litterae Humaniores
Iconicity, history, and the cultural imageries of body and soul |
| Kulcsszavak: | Szemiotika |
| Tárgyszavak: | |
| doi: | 10.14232/lh.2025.2.41-58 |
| Online Access: | http://acta.bibl.u-szeged.hu/88274 |
| LEADER | 00884naa a2200241 i 4500 | ||
|---|---|---|---|
| 001 | acta88274 | ||
| 005 | 20250806143857.0 | ||
| 008 | 250806s2025 hu o 000 eng d | ||
| 020 | |a 978-963-688-057-6 | ||
| 022 | |a 3057-9929 | ||
| 024 | 7 | |a 10.14232/lh.2025.2.41-58 |2 doi | |
| 040 | |a SZTE Egyetemi Kiadványok Repozitórium |b hun | ||
| 041 | |a eng | ||
| 100 | 1 | |a Graham David | |
| 245 | 1 | 0 | |a Assembling, being, embodying |h [elektronikus dokumentum] : |b early modern emblem and device as / |c Graham David |
| 260 | |a Szeged University Press |b Szeged |c 2025 | ||
| 300 | |a 41-58 | ||
| 490 | 0 | |a Litterae Humaniores | |
| 490 | 0 | |a Iconicity, history, and the cultural imageries of body and soul | |
| 650 | 4 | |a Bölcsészettudományok | |
| 650 | 4 | |a Nyelvek és irodalom | |
| 695 | |a Szemiotika | ||
| 856 | 4 | 0 | |u http://acta.bibl.u-szeged.hu/88274/1/litterae_humaniores_2025_001_041-058.pdf |z Dokumentum-elérés |